| 000 | 00351nam a2200133Ia 4500 | ||
|---|---|---|---|
| 008 | 240624s9999 xx 000 0 und d | ||
| 041 | _aeng | ||
| 082 | _a005.54 FAI | ||
| 100 | _aFAIRHURST DANIELLE STEIN | ||
| 245 | _aUSING EXCEL FOR BUSINESS ANALYSIS A GUID | ||
| 260 |
_c2015 _aNew Delhi _bWiley |
||
| 300 | _a430 : p. : cm. ; 28 | ||
| 365 |
_cRS _b33 |
||
| 999 |
_c26415 _d26415 |
||